Normal view MARC view
  • He, Jia

Entry Personal Name

Number of records used in: 1

001 - CONTROL NUMBER

  • control field: 26804

003 - CONTROL NUMBER IDENTIFIER

  • control field: NUST

005 - DATE AND TIME OF LATEST TRANSACTION

  • control field: 20191212112437.0

008 - FIXED-LENGTH DATA ELEMENTS

  • fixed length control field: 191212|| aca||aabn | a|a d

040 ## - CATALOGING SOURCE

  • Original cataloging agency: NUST
  • Transcribing agency: NUST

100 ## - HEADING--PERSONAL NAME

  • Personal name: He, Jia
  • Titles and other words associated with a name: (Civil engineer),

670 ## - SOURCE DATA FOUND

  • Source citation: Work cat.: (NUST)0: Xu, You-Lin, 1952- author. 26799, Smart civil structures /
© 2023 Central Library, National University of Sciences and Technology. All Rights Reserved.